Catálogo
 En Linea

Proceducimos o perecemos, exportamos o sucumbimos : (Registro nro. 37163)

Detalles MARC
000 -CABECERA
campo de control de longitud fija 00622nam a2200133 u 4500
001 - NÚMERO DE CONTROL
campo de control 000037673
005 - FECHA Y HORA DE LA ÚLTIMA TRANSACCIÓN
campo de control 20201002031112.0
008 - DATOS DE LONGITUD FIJA--INFORMACIÓN GENERAL
campo de control de longitud fija 121102s2011 dr r 000 0 spa d
040 ## - FUENTE DE LA CATALOGACIÓN
Centro catalogador/agencia de origen DO-SdBNP
Lengua de catalogación spa
Centro/agencia transcriptor BNPHU
111 1# - ENTRADA PRINCIPAL--NOMBRE DE CONGRESO/REUNIÓN
Nombre de congreso/reunión o jurisdicción como elemento de entrada Encuentro Nacional de Dirigentes de la Junta Agroempresarial Dominicana
Número del congreso/reunión o número de parte o sección (12 :
Sede del congreso/Lugar de la reunión La Altagracia, República Dominicana
Fecha del congreso/reunión 2011, sept. 8)
9 (RLIN) 64135
245 10 - MENCIÓN DE TÍTULO
Título Proceducimos o perecemos, exportamos o sucumbimos :
Resto del título Las políticas públicas para el desarrollo de la agropecuaria, de la agroindustria y convertirnos en un agroexportador.
260 ## - PUBLICACIÓN, DISTRIBUCIÓN, ETC.
Lugar de publicación, distribución, etc. Santo Domingo :
Nombre del editor, distribuidor, etc. Alianza País.
300 ## - DESCRIPCIÓN FÍSICA
Extensión 18 p. ;
Dimensiones 22 cm.
Existencias
Estado de retiro Estado de pérdida No para préstamo Código de colección Localización permanente Ubicación/localización actual Ubicación en estantería Fecha de adquisición Número de inventario Total de préstamos Signatura topográfica completa Código de barras Fecha visto por última vez Precio válido a partir de Tipo de ítem Koha Número de copia
    Excluido de préstamo Patrimonio Dominicano Patrimonio Dominicano Patrimonio Dominicano En catalogación 02.11.2012 LF1   37673-10 25.06.2020 25.06.2020 Libro y Folleto Colección Patrimonio Dominicano  
    Excluido de préstamo Patrimonio Dominicano Patrimonio Dominicano Patrimonio Dominicano En catalogación 02.11.2012 LF1   37673-20 25.06.2020 25.06.2020 Libro y Folleto Colección Patrimonio Dominicano e. 2

Con tecnología Koha